Top 10 streameuses les plus regardées en 2023 en France - Statistiques

Statistiques générales
  • Ce quiz a été pris 123 fois
  • Le résultat moyen est 4 sur 10
Statistiques - réponses
Hint Réponse % Correct
3 Maghla
95%
1 BagheraJones
53%
4 LittleBigWhale
49%
9 AngleDroit
44%
7 Ultia
40%
6 HortyUnderscore
37%
5 Gom4rt
24%
8 AVAMind
22%
10 Oceane
10%
2 camelia
4%
Aucun quiz correspondant
Distribution des résultats
% des personnes avec chaque résultat
Percentile par nombre de réponses
Votre historique - résultats
Vous n’avez pas pris ce quiz